महासागर ( क.क्र.26/4 ) (Record no. 424620)
[ view plain ]
| 000 -LEADER | |
|---|---|
| fixed length control field | 00665nam a2200181Ia 4500 |
| 008 - FIXED-LENGTH DATA ELEMENTS--GENERAL INFORMATION | |
| fixed length control field | 100122s9999 xx 000 0 und d |
| 082 ## - DEWEY DECIMAL CLASSIFICATION NUMBER | |
| Item number | 45042 |
| Classification number | 821 |
| 100 ## - MAIN ENTRY--PERSONAL NAME | |
| Personal name | सावरकर विनायक दामोदर |
| 245 ## - TITLE STATEMENT | |
| Title | महासागर ( क.क्र.26/4 ) |
| 260 ## - PUBLICATION, DISTRIBUTION, ETC. (IMPRINT) | |
| Name of publisher, distributor, etc | वीर सावरकर प्रकाशन |
| Date of publication, distribution, etc | 1986 |
| 300 ## - PHYSICAL DESCRIPTION | |
| Extent | 24 |
| 520 ## - SUMMARY, ETC. | |
| Summary, etc | स्वा.वीर सावरकर |
| 620 ## - | |
| -- | स्वा.वीर सावरकर |
| 630 ## - SUBJECT ADDED ENTRY--UNIFORM TITLE | |
| Uniform title | महासागर ( क.क्र.26/4 ) |
| 700 ## - ADDED ENTRY--PERSONAL NAME | |
| Personal name | रानडे भा ल |
| 730 ## - ADDED ENTRY--UNIFORM TITLE | |
| Uniform title | महासागर ( क.क्र.26/4 ) |
| 942 ## - ADDED ENTRY ELEMENTS (KOHA) | |
| Koha item type | Book |
| Withdrawn status | Lost status | Damaged status | Not for loan | Home library | Current library | Date acquired | Cost, normal purchase price | Total Checkouts | Full call number | Barcode | Date last seen | Cost, replacement price | Price effective from | Koha item type | Public note |
|---|---|---|---|---|---|---|---|---|---|---|---|---|---|---|---|
| S.V. Pathak Library, Vile Parle | S.V. Pathak Library, Vile Parle | 03/26/1991 | 4.00 | 45042 | SVPPARLE-45042 | 01/25/2010 | 4.00 | 01/25/2010 | Book | General NA |